[Event "Benidorm Satellite preliminary"]
[Site "playchess.com #007036"]
[Date "2009.10.24"]
[Round "9"]
[White "Baby Animals"]
[Black "Rubirov"]
[Result "1-0"]
[WhiteElo "1743"]
[BlackElo "1502"]
[PlyCount "65"]
[EventDate "2009.10.24"]
[EventType "swiss (blitz)"]

1. d4 {[%emt 0:00:02]} Nf6 {[%emt 0:00:02]} 2. Nf3 {[%emt 0:00:00]} g6 {[%emt
0:00:01]} 3. Bg5 {[%emt 0:00:00]} Bg7 {[%emt 0:00:03]} 4. Bxf6 {[%emt 0:00:01]}
Bxf6 {[%emt 0:00:02]} 5. e3 {[%emt 0:00:00]} O-O {[%emt 0:00:02]} 6. Bd3 {
[%emt 0:00:00]} d6 {[%emt 0:00:03]} 7. Nbd2 {[%emt 0:00:01]} Nd7 {[%emt 0:00:
01]} 8. Qe2 {[%emt 0:00:01]} e5 {[%emt 0:00:05]} 9. c3 {[%emt 0:00:03]} exd4 {
[%emt 0:00:03]} 10. cxd4 {[%emt 0:00:01]} Re8 {[%emt 0:00:04]} 11. O-O-O {
[%emt 0:00:01]} c5 {[%emt 0:00:16]} 12. dxc5 {[%emt 0:00:02]} Nxc5 {[%emt 0:00:
17]} 13. Bc2 {[%emt 0:00:01]} Qa5 {[%emt 0:00:17]} 14. Kb1 {[%emt 0:00:03]} Be6
{[%emt 0:00:09]} 15. Nc4 {[%emt 0:00:20]} Qb5 {[%emt 0:00:20]} 16. Bb3 {[%emt
0:00:26]} Nxb3 {[%emt 0:00:08]} 17. axb3 {[%emt 0:00:01]} Qxb3 {[%emt 0:00:03]}
18. Nxd6 {[%emt 0:00:02]} Qa2+ {[%emt 0:00:20]} 19. Kc2 {[%emt 0:00:02]} Qxb2+
{[%emt 0:00:18]} 20. Kd3 {[%emt 0:00:02]} Qa3+ {[%emt 0:00:34]} 21. Ke4 {[%emt
0:00:04]} Bc4+ {[%emt 0:00:16]} 22. Kf4 {[%emt 0:00:07]} Bxe2 {[%emt 0:00:03]}
23. Nxe8 {[%emt 0:00:01]} Bxd1 {[%emt 0:00:04]} 24. Nxf6+ {[%emt 0:00:01]} Kg7
{[%emt 0:00:12]} 25. Rxd1 {[%emt 0:00:02]} Qa4+ {[%emt 0:00:03]} 26. Ne4 {
[%emt 0:00:04]} f5 {[%emt 0:00:03]} 27. Rd4 {[%emt 0:00:02]} Qa6 {[%emt 0:00:
04]} 28. Nd6 {[%emt 0:00:03]} Rd8 {[%emt 0:00:04]} 29. Ke5 {[%emt 0:00:03]}
Rxd6 {[%emt 0:00:03]} 30. Rxd6 {[%emt 0:00:01]} Qb5+ {[%emt 0:00:01]} 31. Rd5 {
[%emt 0:00:02]} Qe8+ {[%emt 0:00:02]} 32. Kd4 {[%emt 0:00:01]} b5 {[%emt 0:00:
03]} 33. Ne5 {[%emt 0:00:03] . Tiempo} 1-0

[Event "Benidorm Satellite preliminary"]
[Site "playchess.com #007036"]
[Date "2009.10.24"]
[Round "9"]
[White "Master--Sim"]
[Black "Heinz53"]
[Result "1/2-1/2"]
[WhiteElo "1979"]
[BlackElo "1716"]
[PlyCount "111"]
[EventDate "2009.10.24"]
[EventType "swiss (blitz)"]

1. d4 {[%emt 0:00:03]} Nf6 {[%emt 0:00:01]} 2. Nf3 {[%emt 0:00:01]} d5 {[%emt
0:00:03]} 3. Bf4 {[%emt 0:00:01]} c6 {[%emt 0:00:03]} 4. e3 {[%emt 0:00:01]}
Bf5 {[%emt 0:00:02]} 5. Bd3 {[%emt 0:00:02]} Bxd3 {[%emt 0:00:01]} 6. Qxd3 {
[%emt 0:00:01]} Nbd7 {[%emt 0:00:00]} 7. Nbd2 {[%emt 0:00:01]} e6 {[%emt 0:00:
01]} 8. Ne5 {[%emt 0:00:02]} Nxe5 {[%emt 0:00:01]} 9. dxe5 {[%emt 0:00:01]} Nh5
{[%emt 0:00:09]} 10. Bg3 {[%emt 0:00:01]} Nxg3 {[%emt 0:00:02]} 11. hxg3 {
[%emt 0:00:00]} h6 {[%emt 0:00:00]} 12. O-O-O {[%emt 0:00:04]} Be7 {[%emt 0:00:
02]} 13. f4 {[%emt 0:00:04]} Qb6 {[%emt 0:00:05]} 14. Qb3 {[%emt 0:00:05]} Qc7
{[%emt 0:00:10]} 15. c3 {[%emt 0:00:03]} O-O-O {[%emt 0:00:02]} 16. Qa4 {[%emt
0:00:02]} Kb8 {[%emt 0:00:02]} 17. Nf3 {[%emt 0:00:01]} c5 {[%emt 0:00:04]} 18.
Kb1 {[%emt 0:00:04]} Rc8 {[%emt 0:00:06]} 19. e4 {[%emt 0:00:04]} Rhd8 {[%emt
0:00:06]} 20. exd5 {[%emt 0:00:01]} exd5 {[%emt 0:00:02]} 21. Rd2 {[%emt 0:00:
01]} f6 {[%emt 0:00:07]} 22. exf6 {[%emt 0:00:04]} Bxf6 {[%emt 0:00:01]} 23.
Rhd1 {[%emt 0:00:02]} Qc6 {[%emt 0:00:01]} 24. Qxc6 {[%emt 0:00:04]} bxc6 {
[%emt 0:00:01]} 25. Kc2 {[%emt 0:00:03]} Re8 {[%emt 0:00:03]} 26. Re1 {[%emt 0:
00:03]} Kc7 {[%emt 0:00:03]} 27. Rde2 {[%emt 0:00:02]} Rxe2+ {[%emt 0:00:02]}
28. Rxe2 {[%emt 0:00:01]} Kd6 {[%emt 0:00:00]} 29. Kd3 {[%emt 0:00:01]} Rc7 {
[%emt 0:00:01]} 30. b3 {[%emt 0:00:03]} a5 {[%emt 0:00:05]} 31. Nd2 {[%emt 0:
00:03]} Rb7 {[%emt 0:00:11]} 32. f5 {[%emt 0:00:03]} Re7 {[%emt 0:00:03]} 33.
Rxe7 {[%emt 0:00:03]} Kxe7 {[%emt 0:00:01]} 34. g4 {[%emt 0:00:04]} Kd6 {[%emt
0:00:03]} 35. a3 {[%emt 0:00:02]} Ke5 {[%emt 0:00:03]} 36. g3 {[%emt 0:00:05]}
Bg5 {[%emt 0:00:09]} 37. Nf3+ {[%emt 0:00:02]} Kf6 {[%emt 0:00:02]} 38. b4 {
[%emt 0:00:13]} axb4 {[%emt 0:00:06]} 39. cxb4 {[%emt 0:00:02]} Bc1 {[%emt 0:
00:18]} 40. bxc5 {[%emt 0:00:12]} Bxa3 {[%emt 0:00:01]} 41. Kd4 {[%emt 0:00:03]
} Bb2+ {[%emt 0:00:03]} 42. Kd3 {[%emt 0:00:01]} Ba3 {[%emt 0:00:02]} 43. Nd4 {
[%emt 0:00:03]} Bxc5 {[%emt 0:00:04]} 44. Nxc6 {[%emt 0:00:01]} Bf2 {[%emt 0:
00:02]} 45. Nd8 {[%emt 0:00:04]} Bxg3 {[%emt 0:00:03]} 46. Kd4 {[%emt 0:00:03]}
Kg5 {[%emt 0:00:05]} 47. Ne6+ {[%emt 0:00:01]} Kxg4 {[%emt 0:00:01]} 48. Nxg7 {
[%emt 0:00:01]} Kg5 {[%emt 0:00:08]} 49. Kxd5 {[%emt 0:00:04]} Kf6 {[%emt 0:00:
04]} 50. Nh5+ {[%emt 0:00:05]} Kxf5 {[%emt 0:00:02]} 51. Nxg3+ {[%emt 0:00:01]}
Kg4 {[%emt 0:00:02]} 52. Nf1 {[%emt 0:00:03]} h5 {[%emt 0:00:01]} 53. Ke4 {
[%emt 0:00:02]} h4 {[%emt 0:00:00]} 54. Ke3 {[%emt 0:00:01]} h3 {[%emt 0:00:03]
} 55. Kf2 {[%emt 0:00:01]} h2 {[%emt 0:00:00]} 56. Nxh2+ {[%emt 0:00:02]}
1/2-1/2

[Event "Benidorm Satellite preliminary"]
[Site "playchess.com #007036"]
[Date "2009.10.24"]
[Round "9"]
[White "MONFMA0214"]
[Black "JS_Mastropiero"]
[Result "0-1"]
[WhiteElo "1701"]
[BlackElo "2058"]
[PlyCount "90"]
[EventDate "2009.10.24"]
[EventType "swiss (blitz)"]

1. e4 {[%emt 0:00:07]} c5 {[%emt 0:00:02]} 2. Nf3 {[%emt 0:00:02]} d6 {[%emt 0:
00:01]} 3. c4 {[%emt 0:00:01]} Bg4 {[%emt 0:00:03]} 4. d3 {[%emt 0:00:06]} Nc6
{[%emt 0:00:02]} 5. Nbd2 {[%emt 0:00:02]} g6 {[%emt 0:00:02]} 6. h3 {[%emt 0:
00:03]} Bd7 {[%emt 0:00:03]} 7. Be2 {[%emt 0:00:10]} Bg7 {[%emt 0:00:01]} 8.
Nb3 {[%emt 0:00:04]} Nf6 {[%emt 0:00:07]} 9. Bd2 {[%emt 0:00:09]} O-O {[%emt 0:
00:02]} 10. Bc3 {[%emt 0:00:01]} a6 {[%emt 0:00:03]} 11. a4 {[%emt 0:00:06]} b6
{[%emt 0:00:04]} 12. O-O {[%emt 0:00:04]} Rb8 {[%emt 0:00:01]} 13. Qc2 {[%emt
0:00:13]} b5 {[%emt 0:00:07]} 14. axb5 {[%emt 0:00:02]} axb5 {[%emt 0:00:00]}
15. cxb5 {[%emt 0:00:09]} Rxb5 {[%emt 0:00:01]} 16. d4 {[%emt 0:00:04]} Nxd4 {
[%emt 0:00:04]} 17. Nfxd4 {[%emt 0:00:02]} cxd4 {[%emt 0:00:01]} 18. Bxb5 {
[%emt 0:00:06]} Bxb5 {[%emt 0:00:03]} 19. Nxd4 {[%emt 0:00:10]} Bxf1 {[%emt 0:
00:02]} 20. Kxf1 {[%emt 0:00:05]} Qb6 {[%emt 0:00:03]} 21. Qd3 {[%emt 0:00:23]}
Nd7 {[%emt 0:00:04]} 22. Ra6 {[%emt 0:00:08]} Qb7 {[%emt 0:00:04]} 23. f3 {
[%emt 0:00:19]} Nc5 {[%emt 0:00:02]} 24. Qb5 {[%emt 0:00:52]} Qxa6 {[%emt 0:00:
03]} 25. Qxa6 {[%emt 0:00:14]} Nxa6 {[%emt 0:00:02]} 26. Nc6 {[%emt 0:00:00]}
Bxc3 {[%emt 0:00:04]} 27. Nxe7+ {[%emt 0:00:02]} Kg7 {[%emt 0:00:02]} 28. bxc3
{[%emt 0:00:01]} Rb8 {[%emt 0:00:01]} 29. Ke2 {[%emt 0:00:02]} Nc5 {[%emt 0:00:
01]} 30. Ke3 {[%emt 0:00:02]} Rb3 {[%emt 0:00:01]} 31. Nd5 {[%emt 0:00:03]} Na4
{[%emt 0:00:04]} 32. Kd4 {[%emt 0:00:01]} Rb2 {[%emt 0:00:01]} 33. g3 {[%emt 0:
00:01]} Rf2 {[%emt 0:00:03]} 34. f4 {[%emt 0:00:07]} Rf3 {[%emt 0:00:01]} 35.
c4 {[%emt 0:00:02]} Rxg3 {[%emt 0:00:01]} 36. Ne3 {[%emt 0:00:03]} Rxh3 {[%emt
0:00:04]} 37. Ng4 {[%emt 0:00:01]} h5 {[%emt 0:00:02]} 38. Nf2 {[%emt 0:00:02]}
Rf3 {[%emt 0:00:01]} 39. Nd3 {[%emt 0:00:02]} Nc5 {[%emt 0:00:00]} 40. Nxc5 {
[%emt 0:00:02]} dxc5+ {[%emt 0:00:01]} 41. Kxc5 {[%emt 0:00:00]} Rxf4 {[%emt 0:
00:01]} 42. Kd5 {[%emt 0:00:00]} Rf1 {[%emt 0:00:01]} 43. c5 {[%emt 0:00:01]}
h4 {[%emt 0:00:00]} 44. c6 {[%emt 0:00:01]} h3 {[%emt 0:00:00]} 45. c7 {[%emt
0:00:01]} Rc1 {[%emt 0:00:01] MONFMA0214 rinde} 0-1

[Event "Benidorm Satellite preliminary"]
[Site "playchess.com #007036"]
[Date "2009.10.24"]
[Round "9"]
[White "Fighterknight"]
[Black "Chessmaestro"]
[Result "0-1"]
[WhiteElo "2281"]
[BlackElo "2609"]
[PlyCount "74"]
[EventDate "2009.10.24"]
[EventType "swiss (blitz)"]

1. e4 {[%emt 0:00:02]} c5 {[%emt 0:00:01]} 2. Nf3 {[%emt 0:00:04]} d6 {[%emt 0:
00:01]} 3. d4 {[%emt 0:00:02]} cxd4 {[%emt 0:00:00]} 4. Nxd4 {[%emt 0:00:01]}
Nf6 {[%emt 0:00:00]} 5. Nc3 {[%emt 0:00:14]} a6 {[%emt 0:00:01]} 6. Be3 {[%emt
0:00:01]} e5 {[%emt 0:00:02]} 7. Nb3 {[%emt 0:00:02]} Be7 {[%emt 0:00:02]} 8.
Qd2 {[%emt 0:00:01]} Be6 {[%emt 0:00:01]} 9. f3 {[%emt 0:00:03]} h5 {[%emt 0:
00:01]} 10. O-O-O {[%emt 0:00:14]} Nbd7 {[%emt 0:00:02]} 11. Nd5 {[%emt 0:00:
06]} Bxd5 {[%emt 0:00:01]} 12. exd5 {[%emt 0:00:00]} b5 {[%emt 0:00:01]} 13.
Na5 {[%emt 0:00:03]} O-O {[%emt 0:00:04]} 14. Nc6 {[%emt 0:00:03]} Qe8 {[%emt
0:00:01]} 15. Bg5 {[%emt 0:00:06]} Bd8 {[%emt 0:00:02]} 16. g4 {[%emt 0:00:17]}
hxg4 {[%emt 0:00:05]} 17. fxg4 {[%emt 0:00:01]} Ne4 {[%emt 0:00:08]} 18. Qe2 {
[%emt 0:00:22]} Bxg5+ {[%emt 0:00:02]} 19. Kb1 {[%emt 0:00:01]} Nec5 {[%emt 0:
00:11]} 20. h4 {[%emt 0:00:07]} Bf4 {[%emt 0:00:01]} 21. g5 {[%emt 0:00:07]}
Nb6 {[%emt 0:00:02]} 22. Bg2 {[%emt 0:00:12]} Nc4 {[%emt 0:00:09]} 23. Rhg1 {
[%emt 0:00:15]} Na4 {[%emt 0:00:02]} 24. Qh5 {[%emt 0:00:03]} Naxb2 {[%emt 0:
00:39]} 25. Be4 {[%emt 0:00:42]} g6 {[%emt 0:00:02]} 26. Qh6 {[%emt 0:00:25]}
Na4 {[%emt 0:00:01]} 27. h5 {[%emt 0:00:02]} Nc3+ {[%emt 0:00:01]} 28. Ka1 {
[%emt 0:00:01]} Nxe4 {[%emt 0:00:01]} 29. hxg6 {[%emt 0:00:04]} fxg6 {[%emt 0:
00:01]} 30. Rh1 {[%emt 0:00:01]} Nxg5 {[%emt 0:00:01]} 31. Qh8+ {[%emt 0:00:09]
} Kf7 {[%emt 0:00:02]} 32. Rh7+ {[%emt 0:00:02]} Nxh7 {[%emt 0:00:01]} 33.
Qxh7+ {[%emt 0:00:00]} Kf6 {[%emt 0:00:01]} 34. Rg1 {[%emt 0:00:03]} Rh8 {
[%emt 0:00:14]} 35. Rxg6+ {[%emt 0:00:05]} Qxg6 {[%emt 0:00:02]} 36. Qe7+ {
[%emt 0:00:00]} Kf5 {[%emt 0:00:01]} 37. Qd7+ {[%emt 0:00:02]} Ke4 {[%emt 0:00:
02] Fighterknight resigns} 0-1

[Event "Benidorm Satellite preliminary"]
[Site "playchess.com #007036"]
[Date "2009.10.24"]
[Round "9"]
[White "Xankov"]
[Black "Kingsize"]
[Result "1-0"]
[WhiteElo "1796"]
[BlackElo "1468"]
[PlyCount "53"]
[EventDate "2009.10.24"]
[EventType "swiss (blitz)"]

1. c4 {[%emt 0:00:04]} e5 {[%emt 0:00:02]} 2. g3 {[%emt 0:00:01]} c5 {[%emt 0:
00:01]} 3. Bg2 {[%emt 0:00:04]} Nf6 {[%emt 0:00:01]} 4. Nc3 {[%emt 0:00:01]}
Be7 {[%emt 0:00:01]} 5. e3 {[%emt 0:00:01]} Nc6 {[%emt 0:00:01]} 6. Nge2 {
[%emt 0:00:01]} O-O {[%emt 0:00:01]} 7. O-O {[%emt 0:00:01]} d6 {[%emt 0:00:01]
} 8. d4 {[%emt 0:00:03]} cxd4 {[%emt 0:00:02]} 9. exd4 {[%emt 0:00:01]} Bg4 {
[%emt 0:00:12]} 10. d5 {[%emt 0:00:15]} Nd4 {[%emt 0:00:09]} 11. f3 {[%emt 0:
00:09]} Nxe2+ {[%emt 0:00:02]} 12. Qxe2 {[%emt 0:00:04]} Bd7 {[%emt 0:00:10]}
13. Be3 {[%emt 0:00:06]} b6 {[%emt 0:00:01]} 14. b3 {[%emt 0:00:05]} Qc8 {
[%emt 0:00:01]} 15. Ne4 {[%emt 0:00:02]} Bh3 {[%emt 0:00:05]} 16. Bg5 {[%emt 0:
00:14]} Bxg2 {[%emt 0:00:02]} 17. Kxg2 {[%emt 0:00:03]} Qd7 {[%emt 0:00:03]}
18. Nxf6+ {[%emt 0:00:12]} gxf6 {[%emt 0:00:07]} 19. Bh6 {[%emt 0:00:03]} Rfe8
{[%emt 0:00:03]} 20. f4 {[%emt 0:00:38]} Bf8 {[%emt 0:00:13]} 21. Qh5 {[%emt 0:
00:18]} e4 {[%emt 0:00:57]} 22. f5 {[%emt 0:00:07]} Kh8 {[%emt 0:00:16]} 23.
Rf4 {[%emt 0:00:03]} Re5 {[%emt 0:00:23]} 24. Raf1 {[%emt 0:00:16]} e3 {[%emt
0:00:34]} 25. Bxf8 {[%emt 0:00:06]} Rxf8 {[%emt 0:00:02]} 26. Rh4 {[%emt 0:00:
01]} Qxf5 {[%emt 0:00:13]} 27. Rxf5 {[%emt 0:00:03] Time} 1-0

[Event "Benidorm Satellite preliminary"]
[Site "playchess.com #007036"]
[Date "2009.10.24"]
[Round "9"]
[White "Lagano"]
[Black "XxHUTIxx"]
[Result "1-0"]
[WhiteElo "1975"]
[BlackElo "1727"]
[PlyCount "63"]
[EventDate "2009.10.24"]
[EventType "swiss (blitz)"]

1. e4 {[%emt 0:00:03]} c5 {[%emt 0:00:01]} 2. Nf3 {[%emt 0:00:02]} d6 {[%emt 0:
00:14]} 3. d4 {[%emt 0:00:03]} cxd4 {[%emt 0:00:05]} 4. Nxd4 {[%emt 0:00:00]}
Nf6 {[%emt 0:00:02]} 5. Nc3 {[%emt 0:00:01]} Nc6 {[%emt 0:00:06]} 6. Bc4 {
[%emt 0:00:01]} e6 {[%emt 0:00:02]} 7. Bb3 {[%emt 0:00:02]} Be7 {[%emt 0:00:01]
} 8. O-O {[%emt 0:00:01]} O-O {[%emt 0:00:03]} 9. Kh1 {[%emt 0:00:04]} Bd7 {
[%emt 0:00:00]} 10. f4 {[%emt 0:00:02]} Nxd4 {[%emt 0:00:07]} 11. Qxd4 {[%emt
0:00:02]} Bc6 {[%emt 0:00:01]} 12. Be3 {[%emt 0:00:13]} a6 {[%emt 0:00:10]} 13.
a4 {[%emt 0:00:02]} Qc7 {[%emt 0:00:06]} 14. Rad1 {[%emt 0:00:05]} Rfd8 {[%emt
0:00:03]} 15. Qd2 {[%emt 0:00:05]} Nxe4 {[%emt 0:00:06]} 16. Nxe4 {[%emt 0:00:
02]} Bxe4 {[%emt 0:00:01]} 17. Bd4 {[%emt 0:00:09]} e5 {[%emt 0:00:08]} 18. Bc3
{[%emt 0:00:04]} Bf6 {[%emt 0:00:12]} 19. Qf2 {[%emt 0:00:33]} Qc6 {[%emt 0:00:
16]} 20. Rd2 {[%emt 0:00:21]} Rd7 {[%emt 0:00:15]} 21. Qg3 {[%emt 0:00:13]}
Rad8 {[%emt 0:00:04]} 22. Qh3 {[%emt 0:00:28]} d5 {[%emt 0:00:13]} 23. Bxe5 {
[%emt 0:00:11]} Bxe5 {[%emt 0:00:03]} 24. fxe5 {[%emt 0:00:02]} Qg6 {[%emt 0:
00:09]} 25. Rdf2 {[%emt 0:00:12]} Rf8 {[%emt 0:00:13]} 26. Qxd7 {[%emt 0:00:11]
} Qc6 {[%emt 0:00:23]} 27. Qxc6 {[%emt 0:00:05]} bxc6 {[%emt 0:00:03]} 28. h3 {
[%emt 0:00:05]} f5 {[%emt 0:00:04]} 29. Kh2 {[%emt 0:00:03]} Re8 {[%emt 0:00:
02]} 30. Rxf5 {[%emt 0:00:06]} Bxf5 {[%emt 0:00:03]} 31. Rxf5 {[%emt 0:00:01]}
g6 {[%emt 0:00:01]} 32. Rf6 {[%emt 0:00:03] XxHUTIxx resigns} 1-0

[Event "Benidorm Satellite preliminary"]
[Site "playchess.com #007036"]
[Date "2009.10.24"]
[Round "9"]
[White "Aref__gm"]
[Black "MichelS"]
[Result "1-0"]
[WhiteElo "2327"]
[BlackElo "1866"]
[PlyCount "59"]
[EventDate "2009.10.24"]
[EventType "swiss (blitz)"]

1. e4 {[%emt 0:00:01]} e5 {[%emt 0:00:01]} 2. Nf3 {[%emt 0:00:01]} Nc6 {[%emt
0:00:01]} 3. Nc3 {[%emt 0:00:01]} Nf6 {[%emt 0:00:03]} 4. d4 {[%emt 0:00:01]}
exd4 {[%emt 0:00:01]} 5. Nxd4 {[%emt 0:00:00]} Bb4 {[%emt 0:00:01]} 6. Nxc6 {
[%emt 0:00:01]} bxc6 {[%emt 0:00:01]} 7. Bd3 {[%emt 0:00:00]} d5 {[%emt 0:00:
01]} 8. exd5 {[%emt 0:00:01]} cxd5 {[%emt 0:00:00]} 9. O-O {[%emt 0:00:01]} O-O
{[%emt 0:00:00]} 10. Bg5 {[%emt 0:00:01]} c6 {[%emt 0:00:01]} 11. Qf3 {[%emt 0:
00:01]} Be7 {[%emt 0:00:04]} 12. Rae1 {[%emt 0:00:02]} Be6 {[%emt 0:00:02]} 13.
Ne2 {[%emt 0:00:01]} Qd7 {[%emt 0:00:17]} 14. Nd4 {[%emt 0:00:03]} Bg4 {[%emt
0:00:07]} 15. Rxe7 {[%emt 0:00:38]} Qxe7 {[%emt 0:00:33]} 16. Qxg4 {[%emt 0:00:
08]} Nxg4 {[%emt 0:00:31]} 17. Bxe7 {[%emt 0:00:02]} Rfe8 {[%emt 0:00:00]} 18.
Bc5 {[%emt 0:00:34]} Ne5 {[%emt 0:00:03]} 19. Ba6 {[%emt 0:00:10]} Nd7 {[%emt
0:00:13]} 20. Bd6 {[%emt 0:00:14]} c5 {[%emt 0:00:06]} 21. Nb5 {[%emt 0:00:17]}
Rad8 {[%emt 0:00:19]} 22. Bc7 {[%emt 0:00:07]} Nb8 {[%emt 0:00:19]} 23. Bxd8 {
[%emt 0:00:11]} Nxa6 {[%emt 0:00:01]} 24. Bh4 {[%emt 0:00:07]} d4 {[%emt 0:00:
08]} 25. f3 {[%emt 0:00:04]} Nb4 {[%emt 0:00:04]} 26. c3 {[%emt 0:00:17]} Nd3 {
[%emt 0:00:19]} 27. cxd4 {[%emt 0:00:06]} cxd4 {[%emt 0:00:13]} 28. Nxd4 {
[%emt 0:00:01]} Nxb2 {[%emt 0:00:02]} 29. Re1 {[%emt 0:00:03]} Rc8 {[%emt 0:00:
03]} 30. Nf5 {[%emt 0:00:04] MichelS abandonne} 1-0

[Event "Benidorm Satellite preliminary"]
[Site "playchess.com #007036"]
[Date "2009.10.24"]
[Round "9"]
[White "Sff3"]
[Black "Zoschi"]
[Result "1/2-1/2"]
[WhiteElo "1688"]
[BlackElo "1643"]
[PlyCount "122"]
[EventDate "2009.10.24"]
[EventType "swiss (blitz)"]

1. Nf3 {[%emt 0:00:01]} d5 {[%emt 0:00:02]} 2. d4 {[%emt 0:00:01]} Nf6 {[%emt
0:00:01]} 3. c4 {[%emt 0:00:00]} c6 {[%emt 0:00:01]} 4. cxd5 {[%emt 0:00:01]}
cxd5 {[%emt 0:00:01]} 5. Nc3 {[%emt 0:00:01]} Nc6 {[%emt 0:00:01]} 6. Bf4 {
[%emt 0:00:01]} Bf5 {[%emt 0:00:02]} 7. e3 {[%emt 0:00:01]} e6 {[%emt 0:00:01]}
8. Bb5 {[%emt 0:00:01]} Rc8 {[%emt 0:00:08]} 9. O-O {[%emt 0:00:02]} Bd6 {
[%emt 0:00:30]} 10. Ne5 {[%emt 0:00:03]} O-O {[%emt 0:00:11]} 11. Nxc6 {[%emt
0:00:06]} bxc6 {[%emt 0:00:02]} 12. Bxd6 {[%emt 0:00:03]} Qxd6 {[%emt 0:00:01]}
13. Ba6 {[%emt 0:00:03]} Rb8 {[%emt 0:00:06]} 14. Na4 {[%emt 0:00:01]} Nd7 {
[%emt 0:00:21]} 15. Rc1 {[%emt 0:00:02]} c5 {[%emt 0:00:19]} 16. Bd3 {[%emt 0:
00:05]} Bxd3 {[%emt 0:00:06]} 17. Qxd3 {[%emt 0:00:02]} c4 {[%emt 0:00:01]} 18.
Qc3 {[%emt 0:00:03]} Qb4 {[%emt 0:00:05]} 19. b3 {[%emt 0:00:10]} Qxc3 {[%emt
0:00:25]} 20. Rxc3 {[%emt 0:00:08]} cxb3 {[%emt 0:00:13]} 21. axb3 {[%emt 0:00:
00]} Rfc8 {[%emt 0:00:10]} 22. Rfc1 {[%emt 0:00:03]} Rxc3 {[%emt 0:00:01]} 23.
Rxc3 {[%emt 0:00:01]} h6 {[%emt 0:00:14]} 24. g3 {[%emt 0:00:01]} Nb6 {[%emt 0:
00:01]} 25. Rc7 {[%emt 0:00:03]} Nxa4 {[%emt 0:00:09]} 26. bxa4 {[%emt 0:00:00]
} Ra8 {[%emt 0:00:02]} 27. a5 {[%emt 0:00:02]} a6 {[%emt 0:00:01]} 28. Rc6 {
[%emt 0:00:01]} Ra7 {[%emt 0:00:04]} 29. h4 {[%emt 0:00:03]} Kf8 {[%emt 0:00:
01]} 30. Kg2 {[%emt 0:00:04]} Ke7 {[%emt 0:00:01]} 31. g4 {[%emt 0:00:01]} Kd7
{[%emt 0:00:01]} 32. Rb6 {[%emt 0:00:01]} Kc7 {[%emt 0:00:01]} 33. h5 {[%emt 0:
00:01]} Ra8 {[%emt 0:00:04]} 34. Kg3 {[%emt 0:00:02]} Ra7 {[%emt 0:00:07]} 35.
f4 {[%emt 0:00:01]} Kd7 {[%emt 0:00:01]} 36. g5 {[%emt 0:00:01]} Ke7 {[%emt 0:
00:06]} 37. Kg4 {[%emt 0:00:01]} Kd7 {[%emt 0:00:04]} 38. gxh6 {[%emt 0:00:01]}
gxh6 {[%emt 0:00:01]} 39. f5 {[%emt 0:00:00]} Ke7 {[%emt 0:00:03]} 40. Kf4 {
[%emt 0:00:03]} Kf6 {[%emt 0:00:04]} 41. e4 {[%emt 0:00:04]} dxe4 {[%emt 0:00:
05]} 42. Kxe4 {[%emt 0:00:01]} Ke7 {[%emt 0:00:01]} 43. Ke5 {[%emt 0:00:03]}
f6+ {[%emt 0:00:15]} 44. Kf4 {[%emt 0:00:01]} exf5 {[%emt 0:00:01]} 45. Kxf5 {
[%emt 0:00:01]} Rd7 {[%emt 0:00:11]} 46. Kg6 {[%emt 0:00:05]} Rxd4 {[%emt 0:00:
02]} 47. Kxh6 {[%emt 0:00:00]} f5 {[%emt 0:00:02]} 48. Rxa6 {[%emt 0:00:02]} f4
{[%emt 0:00:01]} 49. Kg7 {[%emt 0:00:03]} f3 {[%emt 0:00:01]} 50. Ra7+ {[%emt
0:00:02]} Ke6 {[%emt 0:00:01]} 51. Ra8 {[%emt 0:00:01]} Rd5 {[%emt 0:00:05]}
52. Re8+ {[%emt 0:00:04]} Kf5 {[%emt 0:00:03]} 53. Re1 {[%emt 0:00:01]} Kg4 {
[%emt 0:00:01]} 54. h6 {[%emt 0:00:01]} Rxa5 {[%emt 0:00:01]} 55. h7 {[%emt 0:
00:01]} Rh5 {[%emt 0:00:00]} 56. Rg1+ {[%emt 0:00:07]} Kf4 {[%emt 0:00:01]} 57.
Kg6 {[%emt 0:00:03]} Rxh7 {[%emt 0:00:02]} 58. Kxh7 {[%emt 0:00:01]} f2 {[%emt
0:00:01]} 59. Rf1 {[%emt 0:00:01]} Kf3 {[%emt 0:00:00]} 60. Kg6 {[%emt 0:00:01]
} Kg2 {[%emt 0:00:01]} 61. Rxf2+ {[%emt 0:00:02]} Kxf2 {[%emt 0:00:01]} 1/2-1/2

[Event "Benidorm Satellite preliminary"]
[Site "playchess.com #007036"]
[Date "2009.10.24"]
[Round "9"]
[White "KVR"]
[Black "FlorianKull"]
[Result "0-1"]
[WhiteElo "2512"]
[BlackElo "2044"]
[PlyCount "92"]
[EventDate "2009.10.24"]
[EventType "swiss (blitz)"]

1. e4 {[%emt 0:00:02]} e6 {[%emt 0:00:01]} 2. d3 {[%emt 0:00:01]} d5 {[%emt 0:
00:01]} 3. Nd2 {[%emt 0:00:00]} Nf6 {[%emt 0:00:02]} 4. Ngf3 {[%emt 0:00:01]}
Nc6 {[%emt 0:00:01]} 5. g3 {[%emt 0:00:01]} dxe4 {[%emt 0:00:02]} 6. dxe4 {
[%emt 0:00:01]} e5 {[%emt 0:00:01]} 7. Bg2 {[%emt 0:00:01]} Bc5 {[%emt 0:00:08]
} 8. O-O {[%emt 0:00:01]} O-O {[%emt 0:00:01]} 9. c3 {[%emt 0:00:01]} a5 {
[%emt 0:00:02]} 10. Qc2 {[%emt 0:00:01]} a4 {[%emt 0:00:34]} 11. Nc4 {[%emt 0:
00:10]} Qe7 {[%emt 0:00:06]} 12. Bg5 {[%emt 0:00:02]} h6 {[%emt 0:00:02]} 13.
Be3 {[%emt 0:00:20]} b6 {[%emt 0:00:03]} 14. b4 {[%emt 0:00:07]} axb3 {[%emt 0:
00:08]} 15. axb3 {[%emt 0:00:00]} Ba6 {[%emt 0:00:16]} 16. Bxc5 {[%emt 0:00:15]
} Qxc5 {[%emt 0:00:04]} 17. Nfd2 {[%emt 0:00:02]} Qe7 {[%emt 0:00:41]} 18. Rfd1
{[%emt 0:00:10]} Rfd8 {[%emt 0:00:08]} 19. Bf1 {[%emt 0:00:04]} Bxc4 {[%emt 0:
00:23]} 20. Nxc4 {[%emt 0:00:08]} Rxd1 {[%emt 0:00:18]} 21. Rxa8+ {[%emt 0:00:
05]} Rd8 {[%emt 0:00:02]} 22. Qa2 {[%emt 0:00:07]} Nd7 {[%emt 0:00:11]} 23. Qa4
{[%emt 0:00:09]} Ncb8 {[%emt 0:00:11]} 24. Qa7 {[%emt 0:00:06]} Qc5 {[%emt 0:
00:07]} 25. b4 {[%emt 0:00:08]} Qc6 {[%emt 0:00:05]} 26. Nxe5 {[%emt 0:00:02]}
Nxe5 {[%emt 0:00:05]} 27. Rxb8 {[%emt 0:00:01]} Rxb8 {[%emt 0:00:02]} 28. Qxb8+
{[%emt 0:00:00]} Kh7 {[%emt 0:00:01]} 29. Bg2 {[%emt 0:00:12]} Qxc3 {[%emt 0:
00:02]} 30. h3 {[%emt 0:00:07]} Qe1+ {[%emt 0:00:02]} 31. Bf1 {[%emt 0:00:03]}
Nd3 {[%emt 0:00:03]} 32. Qc8 {[%emt 0:00:14] .} Qxf2+ {[%emt 0:00:01]} 33. Kh1
{[%emt 0:00:02]} Qxf1+ {[%emt 0:00:01]} 34. Kh2 {[%emt 0:00:00]} Qf2+ {[%emt 0:
00:04]} 35. Kh1 {[%emt 0:00:01]} Ne1 {[%emt 0:00:01]} 36. Qf5+ {[%emt 0:00:02]}
Qxf5 {[%emt 0:00:01]} 37. exf5 {[%emt 0:00:01]} Nd3 {[%emt 0:00:01]} 38. Kg2 {
[%emt 0:00:01]} Nxb4 {[%emt 0:00:01]} 39. Kf3 {[%emt 0:00:00]} c5 {[%emt 0:00:
01]} 40. Ke4 {[%emt 0:00:00]} f6 {[%emt 0:00:02]} 41. g4 {[%emt 0:00:01]} Kg8 {
[%emt 0:00:01]} 42. h4 {[%emt 0:00:00]} Kf7 {[%emt 0:00:01]} 43. g5 {[%emt 0:
00:00]} hxg5 {[%emt 0:00:01]} 44. h5 {[%emt 0:00:01]} Kg8 {[%emt 0:00:02]} 45.
h6 {[%emt 0:00:00]} gxh6 {[%emt 0:00:01]} 46. Kf3 {[%emt 0:00:01]} h5 {[%emt 0:
00:01] KVR resigns} 0-1